| 000 | 00459nam a2200133 4500 | ||
|---|---|---|---|
| 999 |
_c512904 _d512904 |
||
| 008 | 191227b ||||| |||| 00| 0 eng d | ||
| 100 |
_aGormus, Ayhan _914945 |
||
| 245 | _aLong-term youth unemployment: Evidence from Turkish household labour force survey | ||
| 260 | _bIndian Journal of Labour Economics | ||
| 300 | _a62(3), Jul-Sep, 2019: p.341-359. | ||
| 773 | _aIndian Journal of Labour Economics | ||
| 906 | _aUnemployment - Turkish | ||
| 942 |
_2ddc _cAR |
||